000 01185 a2200217 4500
005 20080910102425.0
008 080910t xxu||||| |||| 00| 0 hin d
010 _aHIN-80374
020 _a8190291033
_c450.00
035 _aHN-52720
037 _bD.B.Act / pub
082 _a823.08
100 _aनायडू, मुक्ता
245 _aइलाचन्द्र जोशी का साहित्यःशिल्प एवं संवेदना
_cमुक्ता नायडू
_b(उपन्यासों के विशेष संदर्भ में)
246 _aIllchand Joshi ka Sahitya:Shilp avam Sanvedna
_bby Mukta Nayadu
260 _aकानपुर
_bज्ञान प्रकाशन
_c2006
270 _a128/90 जी ब्लाक किदवई नगर
_bकानपुर
_e208011
300 _a312पृ
_c22 सेमी(सजिल्द)
942 _adpl
_cHN
_k823.08 / नायडू
_2ddc
_h823.08
_mनायडू
999 _c5686
_d5686